ALL Drag Race Philippines: Slaysian Royale Queens A-Z - Statistics

General Stats
  • This quiz has been taken 23 times
  • The average score is 11 of 12
Answer Stats
Season Drag Queen % Correct
πŸ‡΅πŸ‡­ 2πŸ‡΅πŸ‡­πŸŒŽ 1 Arizona Brandy
100%
πŸ‡΅πŸ‡­ 2πŸ‡΅πŸ‡­πŸŒŽ 1 Bernie
100%
πŸ‡¦πŸ‡Ί 3πŸ‡΅πŸ‡­πŸŒŽ 1 Ivory Glaze
100%
πŸ‡¨πŸ‡¦ 2πŸ‡΅πŸ‡­πŸŒŽ 1 Suki Doll
100%
πŸ‡¬πŸ‡§ 1πŸ‡΅πŸ‡­πŸŒŽ 1 Sum Ting Wong
100%
πŸ‡ΊπŸ‡Έ 10πŸ‡΅πŸ‡­πŸŒŽ 1 Yuhua
100%
πŸ‡΅πŸ‡­ 1πŸ‡΅πŸ‡­πŸŒŽ 1 Brigiding
91%
πŸ‡΅πŸ‡­ 3πŸ‡΅πŸ‡­πŸŒŽ 1 Khianna
91%
πŸ‡§πŸ‡ͺ 2πŸ‡΅πŸ‡­πŸŒŽ 1 Madame Yoko
91%
πŸ‡΅πŸ‡­ 1πŸ‡΅πŸ‡­πŸŒŽ 1 ViΓ±as Deluxe
91%
πŸ‡«πŸ‡· 2πŸ‡΅πŸ‡­πŸŒŽ 1 Kitty Space
82%
πŸ‡ΉπŸ‡­ 3πŸ‡΅πŸ‡­πŸŒŽ 1 Siam Phusri
82%
No matching quizzes found
Score Distribution
Percent of People with Each Score
Percentile by Number Answered
Your Score History
You have not taken this quiz